Student unrest in India: a select bibliography (Record no. 346899)

000 -LEADER
fixed length control field 00305cam a22001097a 4500
008 - FIXED-LENGTH DATA ELEMENTS--GENERAL INFORMATION
fixed length control field 180718b1977 xxu||||| |||| 00| 0 eng d
082 ## - DEWEY DECIMAL CLASSIFICATION NUMBER
Classification number A2:P52x54 J18
100 ## - MAIN ENTRY--PERSONAL NAME
Personal name Jafar, S.M.
245 ## - TITLE STATEMENT
Title Student unrest in India: a select bibliography
Statement of responsibility, etc. by S.M. Jafar
260 ## - PUBLICATION, DISTRIBUTION, ETC.
Place of publication, distribution, etc. Gurgaon
Name of publisher, distributor, etc. I.D.S.
Date of publication, distribution, etc. 1977
300 ## - PHYSICAL DESCRIPTION
Extent 191p.
Holdings
Withdrawn status Lost status Damaged status Not for loan Permanent Location Current Location Date acquired Full call number Barcode Date last seen Price effective from Koha item type
        Indian Institute of Public Administration Indian Institute of Public Administration 1993-10-13 A2:P52x54 J18 52974 2018-07-21 2018-07-21 Book

Powered by Koha